[Event "Stuttgart-chA int"]
[Site "Gerlingen"]
[Date "2007.05.18"]
[Round "3"]
[White "Schwan, Rudi"]
[Black "Jerosch, Gunnar"]
[Result "0-1"]
[WhiteElo "1948"]
[BlackElo "2090"]
[PlyCount "71"]
[EventDate "2007.05.17"]
[EventType "swiss"]
[EventRounds "7"]
[EventCountry "GER"]
[SourceTitle "EXT 2018"]
[Source "ChessBase"]
[SourceDate "2017.10.13"]
[SourceVersion "1"]
[SourceVersionDate "2017.10.13"]
[SourceQuality "1"]

1. e4 c5 2. Nf3 Nc6 3. c3 g6 4. d4 cxd4 5. cxd4 d5 6. e5 Bg4 7. Bb5 Qb6 8. Bxc6+ bxc6 9. Nbd2 c5 10. dxc5 Qxc5 11. 0-0 Bg7 12. e6 Bxe6 13. Nb3 Qd6 14. Nfd4 Bd7 15. Re1 e6 16. Qe2 Ne7 17. Be3 0-0 18. Nf3 Rfc8 19. Rac1 Nf5 20. Bc5 Qb8 21. Nfd4 Rxc5 22. Nxc5 Nxd4 23. Qg4 Bb5 24. a4 h5 25. Qd1 Ne2+ 26. Rxe2 Bxe2 27. Qxe2 Qxb2 28. Qf1 Rc8 29. Rb1 Rxc5 30. g3 Qc2 31. Rb8+ Rc8 32. Qb5 Bd4 33. Rxc8+ Qxc8 34. Kg2 Qc2 35. Qb8+ Kg7 36. Qf4 0-1

[Event "Baden-ch MT"]
[Site "Oberwinden"]
[Date "2007.04.12"]
[Round "9"]
[White "Werk, Manfred"]
[Black "Jerosch, Gunnar"]
[Result "0-1"]
[WhiteElo "2076"]
[BlackElo "2090"]
[PlyCount "130"]
[EventDate "2007.04.06"]
[EventType "swiss"]
[EventRounds "11"]
[EventCountry "GER"]
[SourceTitle "CBM 117 Extra"]
[Source "ChessBase"]
[SourceDate "2007.05.09"]
[SourceVersion "1"]
[SourceVersionDate "2007.05.09"]
[SourceQuality "1"]

1. e4 c5 2. Nc3 Nc6 3. g3 g6 4. Bg2 Bg7 5. d3 e6 6. Be3 d6 7. Qd2 Rb8 8. Nge2 Nd4 9. 0-0 b5 10. f4 b4 11. Nd1 Nxe2+ 12. Qxe2 Ne7 13. Qd2 0-0 14. g4 f5 15. g5 Bb7 16. a3 a5 17. axb4 axb4 18. c3 bxc3 19. bxc3 Qc7 20. Nf2 Rfd8 21. Rfb1 Bc6 22. d4 fxe4 23. dxc5 d5 24. Ng4 Nf5 25. Rxb8 Rxb8 26. h3 Nxe3 27. Qxe3 Rf8 28. Ne5 Bxe5 29. fxe5 Qxe5 30. Ra7 Rf7 31. Ra6 Rc7 32. Rb6 Kf7 33. Rb8 Ra7 34. Rb6 Ra1+ 35. Bf1 Qf5 36. Qf2 e3 37. Qxf5+ exf5 38. Kg2 Ra2+ 39. Kg3 e2 40. Bxe2 Rxe2 41. Rxc6 Re3+ 42. Kf4 Re4+ 43. Kf3 Rc4 44. Rc7+ Ke6 45. Rc6+ Ke5 46. Rc7 Rxc3+ 47. Ke2 Rxh3 48. Re7+ Kf4 49. c6 Rc3 50. c7 Kxg5 51. Rxh7 Kf4 52. Rd7 g5 53. Rxd5 Rc2+ 54. Kf1 Rxc7 55. Rd4+ Kf3 56. Rd3+ Ke4 57. Ra3 Rc2 58. Ra4+ Kf3 59. Ra3+ Kg4 60. Ra4+ f4 61. Ra5 f3 62. Rb5 Kf4 63. Kg1 g4 64. Rb4+ Kg3 65. Rb1 Rg2+ 0-1

[Event "Schwarzburg op"]
[Site "Schwarzburg"]
[Date "2005.09.10"]
[Round "5"]
[White "Sydow, Hardy"]
[Black "Jerosch, Gunnar"]
[Result "1-0"]
[WhiteElo "2137"]
[BlackElo "2079"]
[PlyCount "72"]
[EventDate "2005.09.07"]
[EventType "swiss"]
[EventRounds "7"]
[EventCountry "GER"]
[SourceTitle "CBM 108 Extra"]
[Source "ChessBase"]
[SourceDate "2005.11.04"]
[SourceVersion "1"]
[SourceVersionDate "2005.11.04"]
[SourceQuality "1"]

1. e4 c5 2. d4 cxd4 3. c3 d5 4. exd5 Qxd5 5. cxd4 Nf6 6. Nc3 Qa5 7. Nf3 Bg4 8. Be2 e6 9. 0-0 Nc6 10. Be3 Rc8 11. a3 Nd5 12. Nxd5 Qxd5 13. b4 Be7 14. b5 Na5 15. Qa4 b6 16. Rac1 0-0 17. h3 Bh5 18. g4 Bg6 19. Ne5 Bd6 20. Nc6 Nxc6 21. bxc6 Rc7 22. Rc3 h5 23. Qb5 hxg4 24. Qxd5 exd5 25. hxg4 Re8 26. Bb5 f5 27. gxf5 Bxf5 28. f3 Re6 29. Kf2 Be7 30. Rh1 Bf6 31. Rcc1 Kf8 32. Rcd1 a6 33. Bf4 Rc8 34. Bxa6 Rcxc6 35. Rd2 Rc3 36. a4 Rec6 1-0

[Event "Schwarzburg op"]
[Site "Schwarzburg"]
[Date "2005.09.08"]
[Round "2"]
[White "Frotscher, Thomas"]
[Black "Jerosch, Gunnar"]
[Result "1-0"]
[WhiteElo "2196"]
[BlackElo "2079"]
[PlyCount "129"]
[EventDate "2005.09.07"]
[EventType "swiss"]
[EventRounds "7"]
[EventCountry "GER"]
[SourceTitle "CBM 108 Extra"]
[Source "ChessBase"]
[SourceDate "2005.11.04"]
[SourceVersion "1"]
[SourceVersionDate "2005.11.04"]
[SourceQuality "1"]

1. c4 c5 2. Nc3 Nc6 3. g3 g6 4. Bg2 Bg7 5. a3 e5 6. d3 d6 7. Nd5 Nce7 8. Nc3 Nc6 9. e3 f5 10. Nge2 Nge7 11. Rb1 a5 12. 0-0 0-0 13. b3 Rb8 14. Bb2 Kh8 15. Qd2 Be6 16. d4 Na7 17. dxc5 dxc5 18. Qxd8 Rfxd8 19. Na4 b6 20. Rfd1 Bd7 21. Nec3 e4 22. Bf1 Kg8 23. Rd6 Bxa4 24. Rxd8+ Rxd8 25. Nxa4 Bxb2 26. Rxb2 Nac8 27. b4 axb4 28. axb4 cxb4 29. Rxb4 Rd6 30. Kg2 Kf7 31. h3 Kf6 32. Nc3 Ke6 33. Nb5 Rd2 34. Nd4+ Kd6 35. Rb5 Kc7 36. g4 Nd6 37. Re5 Nc6 38. Nxc6 Kxc6 39. Re7 f4 40. exf4 h5 41. Kg3 h4+ 42. Kg2 Kc5 43. Kg1 Rc2 44. f5 gxf5 45. gxf5 Rc3 46. Be2 Rc2 47. Bh5 Nxf5 48. Re5+ Kxc4 49. Rxf5 b5 50. Bf7+ Kb4 51. Rf4 Rc7 52. Rxe4+ Kc3 53. Be6 b4 54. Rxh4 b3 55. Rg4 b2 56. Rg3+ Kd2 57. Bf5 Rc1+ 58. Kg2 b1Q 59. Bxb1 Rxb1 60. h4 Rb4 61. h5 Rh4 62. Rh3 Rg4+ 63. Kf3 Rg7 64. h6 Rh7 65. Kg4 1-0

[Event "Karl Mala Memorial op 09th"]
[Site "Frankfurt"]
[Date "2005.07.30"]
[Round "5"]
[White "Jerosch, Gunnar"]
[Black "Malek, Daniel"]
[Result "0-1"]
[WhiteElo "2079"]
[BlackElo "2287"]
[PlyCount "124"]
[EventDate "2005.07.28"]
[EventType "swiss"]
[EventRounds "7"]
[EventCountry "GER"]
[SourceTitle "EXT 2006"]
[Source "ChessBase"]
[SourceDate "2005.11.24"]
[SourceVersion "1"]
[SourceVersionDate "2005.11.24"]
[SourceQuality "1"]

1. d4 e6 2. c4 Nf6 3. Nf3 b6 4. a3 Ba6 5. b3 c5 6. Bb2 d5 7. cxd5 exd5 8. g3 Be7 9. Bg2 0-0 10. 0-0 Nc6 11. Nbd2 Re8 12. Re1 Rc8 13. dxc5 bxc5 14. Rc1 Bf8 15. e3 Bd3 16. Nb1 c4 17. Bf1 Bxf1 18. Kxf1 Na5 19. Nbd2 Ne4 20. bxc4 Nxc4 21. Nxc4 dxc4 22. Qxd8 Rexd8 23. Rc2 c3 24. Bc1 Be7 25. Nd4 Bf6 26. f3 Bxd4 27. exd4 Nf6 28. Bg5 Rxd4 29. Bxf6 gxf6 30. Re3 Rdc4 31. Ke2 Kf8 32. Kd3 Ra4 33. Re4 Rxa3 34. Rh4 Kg7 35. Rg4+ Kh8 36. Rf4 Rc6 37. Rd4 h6 38. Rh4 Kh7 39. Rd4 f5 40. h4 Kg6 41. Rd5 Kf6 42. Rd4 a6 43. g4 fxg4 44. fxg4 Kg7 45. Rd5 Ra4 46. Rxc3 Rxc3+ 47. Kxc3 Rxg4 48. Ra5 Rxh4 49. Rxa6 Re4 50. Kd3 f5 51. Rb6 h5 52. Ra6 h4 53. Rb6 h3 54. Rb1 h2 55. Rh1 Rh4 56. Ke3 Kf6 57. Kf3 Kg5 58. Kg3 Rh8 59. Kg2 Kg4 60. Kf2 f4 61. Kg2 Rh7 62. Kf2 f3 0-1

[Event "Karl Mala Memorial op 09th"]
[Site "Frankfurt"]
[Date "2005.07.29"]
[Round "3"]
[White "Jerosch, Gunnar"]
[Black "Genis, Roy"]
[Result "1-0"]
[WhiteElo "2079"]
[BlackElo "1778"]
[PlyCount "91"]
[EventDate "2005.07.28"]
[EventType "swiss"]
[EventRounds "7"]
[EventCountry "GER"]
[SourceTitle "EXT 2006"]
[Source "ChessBase"]
[SourceDate "2005.11.24"]
[SourceVersion "1"]
[SourceVersionDate "2005.11.24"]
[SourceQuality "1"]

1. d4 d5 2. c4 c6 3. Nf3 Nf6 4. Nc3 e6 5. e3 Nbd7 6. Qc2 Bd6 7. b3 0-0 8. Be2 e5 9. cxd5 cxd5 10. dxe5 Nxe5 11. Bb2 Be6 12. Rc1 Rc8 13. Qb1 Qa5 14. 0-0 Nxf3+ 15. Bxf3 Be5 16. Ne2 Bxb2 17. Qxb2 Ne4 18. Nd4 Nd2 19. Rfd1 Nxf3+ 20. Nxf3 h6 21. Nd4 Rxc1 22. Rxc1 Rc8 23. Rxc8+ Bxc8 24. b4 Qa4 25. Qb3 Qxb3 26. Nxb3 Kf8 27. Kf1 Ke7 28. Ke2 Kd6 29. Kd3 g5 30. Kd4 f5 31. Nc5 b6 32. Nd3 Bd7 33. Ne5 Be8 34. h3 h5 35. Nf3 g4 36. Ne5 Ke6 37. h4 Kd6 38. Nd3 Bb5 39. Nf4 Be8 40. Nxd5 Bf7 41. Nc3 a6 42. a3 Be6 43. Na4 b5 44. Nc5 Bc8 45. g3 Be6 46. Nxa6 1-0

[Event "Karl Mala Memorial op 09th"]
[Site "Frankfurt"]
[Date "2005.07.29"]
[Round "2"]
[White "Milov, Leonid"]
[Black "Jerosch, Gunnar"]
[Result "1-0"]
[WhiteElo "2482"]
[BlackElo "2079"]
[PlyCount "97"]
[EventDate "2005.07.28"]
[EventType "swiss"]
[EventRounds "7"]
[EventCountry "GER"]
[SourceTitle "EXT 2006"]
[Source "ChessBase"]
[SourceDate "2005.11.24"]
[SourceVersion "1"]
[SourceVersionDate "2005.11.24"]
[SourceQuality "1"]

1. e4 c5 2. Nf3 Nc6 3. d4 cxd4 4. Nxd4 Nf6 5. Nc3 d6 6. Bg5 e6 7. Bb5 Bd7 8. Bxc6 bxc6 9. Qf3 Rc8 10. 0-0-0 Be7 11. Nb3 Qc7 12. Qg3 e5 13. Qd3 Nh5 14. Bxe7 Kxe7 15. Qe3 Nf6 16. h3 Rhd8 17. f4 Kf8 18. fxe5 dxe5 19. Qc5+ Kg8 20. Na5 Be8 21. Nc4 Nd7 22. Qe7 Nb6 23. Qxc7 Rxd1+ 24. Rxd1 Rxc7 25. Nxe5 Re7 26. Nf3 f6 27. Rd8 Kf7 28. b3 g6 29. Rd2 Bd7 30. a4 Bc8 31. Rd6 Bb7 32. a5 Rd7 33. Rd2 Rxd2 34. Kxd2 Nd7 35. Ke3 Ke6 36. b4 Kd6 37. Kd4 Ba6 38. Nd2 Ne5 39. Na4 Bc8 40. Nc5 h5 41. Nd3 Be6 42. c4 g5 43. Nc5 Bc8 44. b5 Nd7 45. Nxd7 Bxd7 46. c5+ Ke6 47. b6 axb6 48. cxb6 Bc8 49. Nb3 1-0

[Event "Stuttgart-chA int"]
[Site "Ditzingen"]
[Date "2005.05.06"]
[Round "4"]
[White "Jerosch, Gunnar"]
[Black "Hirneise, Jens"]
[Result "1/2-1/2"]
[WhiteElo "2080"]
[BlackElo "1958"]
[PlyCount "113"]
[EventDate "2005.05.05"]
[EventType "swiss"]
[EventRounds "7"]
[EventCountry "GER"]
[SourceTitle "EXT 2018"]
[Source "ChessBase"]
[SourceDate "2017.10.13"]
[SourceVersion "1"]
[SourceVersionDate "2017.10.13"]
[SourceQuality "1"]

1. d4 Nf6 2. c4 g6 3. Nc3 Bg7 4. e4 d6 5. f3 0-0 6. Bg5 c5 7. d5 Na6 8. Qd2 Nc7 9. Bd3 Bd7 10. Nge2 a6 11. a4 b6 12. 0-0 Rb8 13. Bh6 Nfe8 14. Bxg7 Nxg7 15. f4 f6 16. Ng3 b5 17. axb5 axb5 18. b3 bxc4 19. bxc4 Rb3 20. Rfb1 Rxb1+ 21. Rxb1 Na6 22. Re1 Nb4 23. Bf1 Qb6 24. Be2 Ra8 25. Nf1 Ra3 26. Rb1 Qa5 27. Rb2 Ne8 28. Kf2 Bc8 29. Nb1 Ra2 30. Rxa2 Qxa2 31. Qxa2 Nxa2 32. Ne3 Nb4 33. Ke1 Bd7 34. Nc3 Kg7 35. Kd2 Nc7 36. Bd1 Na8 37. Ba4 Nb6 38. Bxd7 Nxd7 39. Na4 h6 40. Kc3 Kf7 41. g3 Na2+ 42. Kd2 Nb4 43. Nb2 Nb6 44. Nd3 Nxd3 45. Kxd3 Nd7 46. Kc3 Kg7 47. Kb3 Nb6 48. Nf1 h5 49. Nd2 Kf7 50. Nf3 Kg7 51. e5 Kf7 52. exd6 exd6 53. Nd2 Ke7 54. Ne4 f5 55. Ng5 Kf6 56. Ne6 Ke7 57. Ng5 1/2-1/2

[Event "Stuttgart-chA int"]
[Site "Ditzingen"]
[Date "2005.05.06"]
[Round "3"]
[White "Mehne, Claudius"]
[Black "Jerosch, Gunnar"]
[Result "1-0"]
[WhiteElo "2194"]
[BlackElo "2080"]
[PlyCount "63"]
[EventDate "2005.05.05"]
[EventType "swiss"]
[EventRounds "7"]
[EventCountry "GER"]
[SourceTitle "EXT 2018"]
[Source "ChessBase"]
[SourceDate "2017.10.13"]
[SourceVersion "1"]
[SourceVersionDate "2017.10.13"]
[SourceQuality "1"]

1. e4 c5 2. c3 d5 3. exd5 Qxd5 4. d4 Nf6 5. Nf3 Bg4 6. dxc5 Qxc5 7. Na3 a6 8. h3 Bh5 9. Qa4+ Nbd7 10. g4 Bg6 11. Be3 Qc8 12. Bg2 Be4 13. 0-0 e6 14. g5 Bc6 15. Qd4 Nd5 16. Nc4 Qc7 17. a4 f6 18. b4 e5 19. Qg4 Nxe3 20. fxe3 Bd5 21. Na5 b6 22. Rad1 Bf7 23. Nh4 Rd8 24. Nb7 Rb8 25. b5 axb5 26. axb5 Rxb7 27. Bc6 Qc8 28. Rxd7 Rxd7 29. Ra1 Be7 30. Ra8 Qxa8 31. Qxd7+ Kf8 32. Bxa8 1-0

[Event "Paris Apsap op 75th"]
[Site "Paris"]
[Date "2004.09.07"]
[Round "9"]
[White "Jerosch, Gunnar"]
[Black "Vlahovic, Dimitri"]
[Result "1-0"]
[WhiteElo "2090"]
[BlackElo "1887"]
[PlyCount "85"]
[EventDate "2004.09.??"]
[EventType "swiss"]
[EventRounds "9"]
[EventCountry "FRA"]
[SourceTitle "EXT 2006"]
[Source "ChessBase"]
[SourceDate "2005.11.24"]
[SourceVersion "1"]
[SourceVersionDate "2005.11.24"]
[SourceQuality "1"]

1. d4 Nf6 2. c4 g6 3. Nc3 d6 4. e4 Bg7 5. f3 c6 6. Bg5 h6 7. Be3 b6 8. Qd2 Bb7 9. Nh3 Nbd7 10. 0-0-0 a6 11. Nf2 b5 12. f4 Nb6 13. e5 Nfd7 14. exd6 exd6 15. Nfe4 Nf6 16. Nxf6+ Bxf6 17. d5 cxd5 18. cxb5 0-0 19. f5 g5 20. h4 Re8 21. Bd4 Qe7 22. Bxb6 gxh4 23. Kb1 Bg5 24. Qc2 f6 25. bxa6 Bc6 26. Be2 Rab8 27. Bd4 Rec8 28. a7 Rb4 29. a3 Rxd4 30. Rxd4 Qxa7 31. Rhd1 Qd7 32. Bf3 Kg7 33. Bxd5 Bxd5 34. Rxd5 Bf4 35. Qa4 Qxa4 36. Nxa4 Re8 37. Nc3 Re3 38. Nb5 Re2 39. Nxd6 Rxg2 40. Ne8+ Kf7 41. Rd7+ Kf8 42. Ng7 Be5 43. Rd8+ 1-0

[Event "Basel Hilton op 06th"]
[Site "Basel"]
[Date "2004.01.04"]
[Round "7"]
[White "Goldstern, Filip Daniel"]
[Black "Jerosch, Gunnar"]
[Result "1-0"]
[WhiteElo "2360"]
[BlackElo "2054"]
[PlyCount "71"]
[EventDate "2004.01.01"]
[EventType "swiss"]
[EventRounds "7"]
[EventCountry "SUI"]
[SourceTitle "CBM 098 Extra"]
[Source "ChessBase"]
[SourceDate "2004.03.10"]
[SourceVersion "2"]
[SourceVersionDate "2004.03.10"]
[SourceQuality "1"]

1. c4 c5 2. Nf3 Nc6 3. Nc3 g6 4. e3 Bg7 5. d4 cxd4 6. exd4 d6 7. d5 Ne5 8. Nxe5 Bxe5 9. Be2 Bg7 10. 0-0 Nf6 11. Be3 0-0 12. Qd2 Re8 13. Rfd1 Bd7 14. Rac1 Qc7 15. f3 Rec8 16. Bf1 a6 17. Qf2 Qd8 18. Bb6 Qf8 19. Re1 h5 20. Bd3 Re8 21. Ne4 Nxe4 22. Bxe4 Bf6 23. Kh1 Qg7 24. b3 Bc3 25. Rxc3 Qxc3 26. Bd4 Qa5 27. Qe3 e5 28. dxe6 Rxe6 29. Bc3 Qd8 30. Qh6 Rf6 31. Bxb7 Ra7 32. Bd5 a5 33. Bxf7+ Kxf7 34. Qh7+ Kf8 35. Qh8+ Kf7 36. Qxd8 1-0

[Event "Stuttgart-chA"]
[Site "Stuttgart"]
[Date "2004.??.??"]
[Round "?"]
[White "Jerosch, Gunnar"]
[Black "Azemi, Flamur"]
[Result "1-0"]
[WhiteElo "2080"]
[BlackElo "1940"]
[PlyCount "117"]
[EventDate "2004.05.20"]
[EventType "swiss"]
[EventRounds "7"]
[EventCountry "GER"]
[SourceTitle "EXT 2007"]
[Source "ChessBase"]
[SourceDate "2006.11.23"]
[SourceVersion "1"]
[SourceVersionDate "2006.11.23"]
[SourceQuality "1"]

1. d4 Nf6 2. c4 g6 3. Nc3 d5 4. Bg5 c6 5. Bxf6 exf6 6. cxd5 Bg7 7. e3 0-0 8. Bc4 b5 9. Bb3 b4 10. Na4 cxd5 11. Qf3 Be6 12. Ne2 g5 13. Nc5 Nc6 14. h4 g4 15. Nxe6 gxf3 16. Nxd8 fxg2 17. Rg1 Rfxd8 18. Nf4 Ne7 19. Rxg2 Kf8 20. Rc1 Rac8 21. Rxc8 Rxc8 22. Kd2 Bh6 23. Nh5 Ng8 24. Bc2 Rc6 25. Bxh7 Ne7 26. Ng3 a5 27. Bd3 Rc7 28. Rg1 Ke8 29. Rc1 Kd7 30. Bb5+ Kd6 31. Rxc7 Kxc7 32. Be8 f5 33. f4 f6 34. h5 Kd6 35. Bb5 Ke6 36. Kc2 Nc8 37. Kb3 Nb6 38. Bd3 Bf8 39. Bxf5+ Kf7 40. Bg6+ Kg8 41. Bd3 a4+ 42. Kc2 Nc8 43. Nf5 Nd6 44. Nxd6 Bxd6 45. Bb5 a3 46. bxa3 bxa3 47. Bc6 Kg7 48. Bxd5 f5 49. Kd3 Kf6 50. Bg8 Bf8 51. Bh7 Ke6 52. Bg6 Kf6 53. Kc4 Be7 54. Be8 Bf8 55. d5 Ke7 56. Bg6 Kf6 57. Kb5 Be7 58. Kc6 Bb4 59. d6 1-0

[Event "Stuttgart-chA"]
[Site "Stuttgart"]
[Date "2004.??.??"]
[Round "?"]
[White "Jerosch, Gunnar"]
[Black "Braun, Tobias"]
[Result "1-0"]
[WhiteElo "2080"]
[BlackElo "1730"]
[PlyCount "118"]
[EventDate "2004.05.20"]
[EventType "swiss"]
[EventRounds "7"]
[EventCountry "GER"]
[SourceTitle "EXT 2007"]
[Source "ChessBase"]
[SourceDate "2006.11.23"]
[SourceVersion "1"]
[SourceVersionDate "2006.11.23"]
[SourceQuality "1"]

1. d4 d5 2. c4 c6 3. Nf3 Nf6 4. Nc3 e6 5. e3 Bd6 6. Qc2 Nbd7 7. b3 0-0 8. Be2 dxc4 9. bxc4 e5 10. 0-0 Re8 11. Rd1 exd4 12. exd4 Bb4 13. Bd3 Nf8 14. h3 Ng6 15. Bg5 Qa5 16. Ne2 Be6 17. Bxf6 gxf6 18. c5 Qa3 19. Rab1 a5 20. Bc4 Bxc4 21. Qxc4 Re7 22. Rd3 Qa4 23. Nc3 Qc2 24. Ne1 Rxe1+ 25. Rxe1 Nf4 26. Rg3+ Kf8 27. Qb3 Qxb3 28. axb3 Nd5 29. Nxd5 Bxe1 30. Nxf6 Ke7 31. Nxh7 Bd2 32. Ng5 Bxg5 33. Rxg5 a4 34. bxa4 Rxa4 35. d5 cxd5 36. Rxd5 Ra5 37. Re5+ Kf6 38. f4 Ra2 39. Kh2 Ra3 40. h4 Rb3 41. g3 b6 42. cxb6 Rxb6 43. Kh3 Kg6 44. h5+ Kh6 45. Kh4 Kg7 46. Ra5 Kh6 47. Ra7 Kg7 48. Ra5 Kh6 49. Ra7 Kg7 50. Kg5 Rc6 51. h6+ Kg8 52. h7+ Kxh7 53. Rxf7+ Kg8 54. Ra7 Rb6 55. f5 Rc6 56. g4 Rb6 57. f6 Rc6 58. Kg6 Rc8 59. Rg7+ Kh8 1-0

[Event "Stuttgart-chA"]
[Site "Stuttgart"]
[Date "2003.??.??"]
[Round "?"]
[White "Schmidt, Georg"]
[Black "Jerosch, Gunnar"]
[Result "1-0"]
[WhiteElo "2250"]
[BlackElo "2085"]
[PlyCount "89"]
[EventDate "2003.??.??"]
[EventType "swiss"]
[EventRounds "9"]
[EventCountry "GER"]
[SourceTitle "EXT 2007"]
[Source "ChessBase"]
[SourceDate "2006.11.23"]
[SourceVersion "1"]
[SourceVersionDate "2006.11.23"]
[SourceQuality "1"]

1. e4 c5 2. Nf3 Nc6 3. d4 cxd4 4. Nxd4 Nf6 5. Nc3 d6 6. Bg5 e6 7. Qd2 Be7 8. 0-0-0 Nxd4 9. Qxd4 0-0 10. f4 Qa5 11. Bc4 a6 12. Kb1 h6 13. Bh4 e5 14. Qd2 Nxe4 15. Nxe4 Qxd2 16. Rxd2 Bxh4 17. Nxd6 exf4 18. Rd4 Be6 19. Rxf4 Bg5 20. Re4 Bxc4 21. Rxc4 b5 22. Rc6 Bf4 23. g3 Be5 24. Re1 Bxd6 25. Rxd6 Rfe8 26. Rxe8+ Rxe8 27. a4 bxa4 28. Rxa6 Re4 29. Ka2 f5 30. Ka3 Re2 31. c4 Rxh2 32. Rxa4 g5 33. Ra5 Kf7 34. Rxf5+ Ke6 35. Ra5 Kd7 36. Ra6 h5 37. Rh6 Rh3 38. Kb4 Rxg3 39. Rxh5 Rg2 40. b3 g4 41. Rg5 g3 42. Kc5 Rg1 43. b4 Ke6 44. b5 Kf6 45. Rg8 1-0

[Event "Stuttgart-chA"]
[Site "Stuttgart"]
[Date "2003.??.??"]
[Round "?"]
[White "Weber, Max1111"]
[Black "Jerosch, Gunnar"]
[Result "0-1"]
[WhiteElo "1820"]
[BlackElo "2085"]
[PlyCount "94"]
[EventDate "2003.??.??"]
[EventType "swiss"]
[EventRounds "9"]
[EventCountry "GER"]
[SourceTitle "EXT 2007"]
[Source "ChessBase"]
[SourceDate "2006.11.23"]
[SourceVersion "1"]
[SourceVersionDate "2006.11.23"]
[SourceQuality "1"]

1. c4 c5 2. Nc3 Nc6 3. Nf3 g6 4. d4 cxd4 5. Nxd4 Bg7 6. e3 Nf6 7. Be2 0-0 8. 0-0 d6 9. b3 Nxd4 10. exd4 d5 11. c5 b6 12. b4 a5 13. Na4 bxc5 14. bxc5 Ne4 15. f3 Nf6 16. Nb6 Ra7 17. Nxc8 Qxc8 18. Rb1 Nd7 19. Ba3 Nb8 20. f4 Nc6 21. Bb2 Qc7 22. Bc3 e6 23. a4 Rb8 24. Qd2 Bf6 25. Rb5 Bd8 26. Rfb1 Rba8 27. Bd1 Qe7 28. g3 h5 29. Kg2 h4 30. Qf2 hxg3 31. hxg3 Qf6 32. Bc2 Bc7 33. Rh1 Kf8 34. Qe3 Ke7 35. Bb3 Kd7 36. Bc2 Ne7 37. Rf1 Rh8 38. Rbb1 Nf5 39. Bxf5 gxf5 40. Qe2 Qh6 41. Rb2 Qh3+ 42. Kf3 Rh4 43. Kf2 Qh2+ 44. Kf3 Rxf4+ 45. gxf4 Qxf4+ 46. Kg2 Qh2+ 47. Kf3 Qg3# 0-1

[Event "Boeblingen op 18th"]
[Site "Boeblingen"]
[Date "2001.12.28"]
[Round "5"]
[White "Kapic, Ibrahim"]
[Black "Jerosch, Gunnar"]
[Result "1-0"]
[WhiteElo "2227"]
[BlackElo "2100"]
[PlyCount "91"]
[EventDate "2001.12.26"]
[EventType "swiss"]
[EventRounds "9"]
[EventCountry "GER"]
[SourceTitle "EXT 2005"]
[Source "ChessBase"]
[SourceDate "2004.11.15"]
[SourceVersion "1"]
[SourceVersionDate "2004.11.15"]
[SourceQuality "1"]

1. e4 c5 2. c3 d5 3. exd5 Qxd5 4. d4 Nf6 5. Nf3 Bg4 6. Qa4+ Bd7 7. Qb3 Qxb3 8. axb3 e6 9. Na3 Nc6 10. Nb5 Kd8 11. Bf4 cxd4 12. Nfxd4 Nxd4 13. Nxd4 Nd5 14. Bg3 Bc5 15. Rd1 a6 16. Be2 Kc8 17. Bf3 Ne7 18. 0-0 Bxd4 19. Rxd4 Bc6 20. Rc4 Rd8 21. Rd1 Rxd1+ 22. Bxd1 Kd7 23. Rd4+ Ke8 24. Rd2 Nf5 25. Bc7 Rc8 26. Bb6 Nh4 27. f3 Nf5 28. Kf2 Ne7 29. c4 g6 30. Bc2 Ng8 31. Ke3 h5 32. Ba5 Nf6 33. Kf4 Nd7 34. h4 b6 35. Bc3 Ke7 36. g4 hxg4 37. fxg4 Bb7 38. h5 gxh5 39. gxh5 f6 40. Rxd7+ Kxd7 41. Bxf6 Rf8 42. Ke5 b5 43. h6 bxc4 44. bxc4 Rc8 45. h7 Rxc4 46. h8Q 1-0

[Event "Baden OL 0102"]
[Site "Germany"]
[Date "2001.10.07"]
[Round "1.8"]
[White "Jerosch, Gunnar"]
[Black "Boege, Wolfram"]
[Result "0-1"]
[WhiteElo "2106"]
[BlackElo "2063"]
[PlyCount "142"]
[EventDate "2001.10.07"]
[EventType "team"]
[EventRounds "9"]
[EventCountry "GER"]
[SourceTitle "EXT 2003"]
[Source "ChessBase"]
[SourceDate "2002.11.25"]
[SourceVersion "1"]
[SourceVersionDate "2002.11.25"]
[SourceQuality "1"]
[WhiteTeam "Freiburg"]
[BlackTeam "Waldkirch"]
[WhiteTeamCountry "GER"]
[BlackTeamCountry "GER"]

1. d4 g6 2. e4 c6 3. Nf3 d5 4. e5 Bg4 5. Nbd2 e6 6. h3 Bxf3 7. Nxf3 c5 8. c3 cxd4 9. Qa4+ Qd7 10. Bb5 Nc6 11. Nxd4 Rc8 12. Bg5 Bg7 13. f4 h6 14. Bh4 g5 15. fxg5 hxg5 16. Bxg5 Bxe5 17. 0-0-0 Nge7 18. Rhe1 Bxd4 19. Rxd4 a6 20. Bxc6 Qxc6 21. Qd1 Rg8 22. h4 b5 23. Qf3 Qd7 24. g3 Rc4 25. Rxc4 dxc4 26. Bxe7 Kxe7 27. Rf1 f5 28. Qe3 Qd6 29. Rf4 Qd5 30. Rd4 Qh1+ 31. Rd1 Qh2 32. Qc5+ Kf6 33. Qd4+ Kf7 34. Qd7+ Kf6 35. Qd4+ Kf7 36. Qe5 Re8 37. Rd7+ Re7 38. Rd6 Qh1+ 39. Rd1 Qf3 40. Rd6 Qf1+ 41. Rd1 Qf3 42. a3 Rb7 43. Rd8 Re7 44. Kb1 Re8 45. Rd7+ Re7 46. Rd6 a5 47. h5 b4 48. cxb4 axb4 49. axb4 Qh1+ 50. Kc2 Qxh5 51. Rd4 Qf3 52. Rxc4 Rd7 53. Rd4 Qf2+ 54. Kc3 Rxd4 55. Qxd4 Qxg3+ 56. Kc2 Qg2+ 57. Kc3 Qf3+ 58. Kc2 Qe2+ 59. Kc1 e5 60. Qd7+ Kf6 61. Qd8+ Kf7 62. Qd7+ Kg6 63. Qe6+ Kg5 64. Qe7+ Kg4 65. Qg7+ Kf3 66. Qg5 f4 67. Qh5+ Kf2 68. Qh4+ Kg2 69. Qg5+ Kf1 70. Qf5 Ke1 71. b5 Qd1# 0-1

[Event "Stuttgart op 6th"]
[Site "Ditzingen"]
[Date "2001.05.26"]
[Round "5"]
[White "Schmid, Hartmut"]
[Black "Jerosch, Gunnar"]
[Result "1-0"]
[WhiteElo "2226"]
[BlackElo "2096"]
[PlyCount "95"]
[EventDate "2001.05.24"]
[EventType "swiss"]
[EventRounds "7"]
[EventCountry "GER"]
[SourceTitle "CBM 082 Extra"]
[Source "ChessBase"]
[SourceDate "2001.07.03"]
[SourceVersion "1"]
[SourceVersionDate "2001.07.03"]
[SourceQuality "1"]

1. e4 c5 2. Nf3 Nc6 3. d4 cxd4 4. Nxd4 Nf6 5. Nc3 d6 6. Bc4 e6 7. Be3 Be7 8. 0-0 a6 9. a3 Qc7 10. Ba2 b5 11. Qe2 Ne5 12. f3 Bd7 13. Nd1 0-0 14. Bf2 Nc4 15. c3 d5 16. Rc1 e5 17. Nf5 Bxf5 18. exf5 Bc5 19. Kh1 Bxf2 20. Nxf2 Rfe8 21. Bb1 Rad8 22. Rfe1 h6 23. Rcd1 Rd7 24. Bd3 Rde7 25. Bxc4 bxc4 26. g3 Qc5 27. Qe3 d4 28. Ne4 Nxe4 29. Qxe4 f6 30. Kg2 d3 31. Rd2 Rb8 32. h4 Reb7 33. Rb1 a5 34. g4 Rb3 35. g5 hxg5 36. hxg5 fxg5 37. f6 R8b6 38. fxg7 Kxg7 39. Rh1 Rh6 40. Rxh6 Kxh6 41. Kf1 Kg7 42. Rh2 Rb6 43. Qh7+ Kf8 44. Qf5+ Kg8 45. Qxg5+ Kf7 46. Rh7+ Ke8 47. Qh5+ Kd8 48. Qf7 1-0

[Event "Baden-Baden op"]
[Site "Baden-Baden"]
[Date "2001.??.??"]
[Round "2"]
[White "Jerosch, Gunnar"]
[Black "Gofshtein, Leonid D"]
[Result "0-1"]
[WhiteElo "2106"]
[BlackElo "2531"]
[PlyCount "68"]
[EventDate "2001.??.??"]
[EventType "swiss"]
[EventRounds "7"]
[EventCountry "GER"]
[SourceTitle "EXT 2002"]
[Source "ChessBase"]
[SourceDate "2001.11.25"]
[SourceVersion "1"]
[SourceVersionDate "2001.11.25"]
[SourceQuality "1"]

1. d4 Nf6 2. c4 g6 3. Nc3 d5 4. Bg5 Ne4 5. Bh4 Nxc3 6. bxc3 Bg7 7. e3 c5 8. Nf3 Nc6 9. Be2 dxc4 10. Bxc4 0-0 11. 0-0 Qc7 12. Rc1 Bg4 13. h3 Bxf3 14. Qxf3 e5 15. Bb5 Na5 16. dxe5 a6 17. Be2 Bxe5 18. Rfd1 Rae8 19. Bf6 Bxf6 20. Qxf6 Re6 21. Qh4 Nc6 22. Bf3 b5 23. Qg5 Ne7 24. Rd2 Kg7 25. Rcd1 h6 26. Qg4 Qe5 27. c4 Rb8 28. Bd5 Rd6 29. Qf3 f5 30. Qe2 Rbd8 31. f4 Qf6 32. Qf3 bxc4 33. e4 fxe4 34. Qxe4 c3 0-1